| 000 | 00856nam0a22002171i 4500 | ||
|---|---|---|---|
| 001 | rc\658101 | ||
| 005 | 20240723201046.0 | ||
| 035 | _a(NLR Aleph) 005897549 | ||
| 090 |
_a6242336 _c6242336 |
||
| 100 | _a20031121d1986 u |0rusy50 ca | ||
| 101 | 0 | _arus | |
| 102 | _aRU | ||
| 105 | _ay ||||||||| | ||
| 200 | 1 |
_aКуба и страны социалистической ориентации Африки _e(История и современ. тендеции развития отношений) _eАвтореф. дис. на соиск. учен. степ. канд. ист. наук _e(07.00.03) _fАН СССР, Ин-т Латин. Америки |
|
| 210 |
_aМ. _d1986 |
||
| 215 | _a26 с. | ||
| 700 | 1 |
_aЯмашкин _bП.П. _gПетр Петрович |
|
| 801 | 0 |
_aRU _bNLR _gpsbo |
|
| 801 | 1 |
_aRU _bELAR _2rusmarc |
|
| 852 |
_aNLR _jА86/8971 |
||
| 942 | _cBOOK | ||